000 00615nam a22002297a 4500
003 UA-OsUOA
001 70126
007 ta
008 20100830b un ||||| |||| 00| 0 ukr d
100 _aМакферсон Дж.
090 _a821.161.1
_bМ17
942 _cBK
040 _aUA-OsUOA
_brus
_cUA-OsUOA
_dUA-OsUOA
245 _aПоэмы Оссиана
_cЛевин Ю. Д.
300 _a589 с.
955 _a2
041 _arus
080 _a821.161.1
260 _aЛенинград
_bНаука
_c1983
650 7 _a82 Література. Літературознавство
_2UDC
999 _c356360
_d356360